| 000 | 00706nam a2200217 i 4500 | ||
|---|---|---|---|
| 001 | 103614 | ||
| 003 | ES-MaACL | ||
| 005 | 20250728192258.0 | ||
| 007 | t| | ||
| 008 | 060424s1977 xxu ||||1| spa d | ||
| 080 | _a821.134.2(729.5) Diego, José de 1.06 | ||
| 100 | 1 |
_aTorres Delgado, René. _9110947 |
|
| 245 | 1 | 0 |
_aVoz de José de Diego / _cRené Torres Delgado. |
| 260 |
_aBoston : _bFlorentia, _c1977. |
||
| 300 |
_a118 p. ; _c18 cm. |
||
| 490 | 1 | _aProsistas puertorriqueños de hoy | |
| 600 | 1 | 4 |
_aDiego, José de _d1866-1918- _xCrítica e interpretación _944550 |
| 830 | 0 |
_aProsistas puertorriqueños de hoy _9232587 |
|
| 852 |
_aES-MaACL _jC-56844 _bR.137478 |
||
| 999 |
_c103614 _d103614 |
||